Evénements du 31 janvier - Statistiques

Statistiques générales
  • Ce quiz a été pris 44 fois
  • Le résultat moyen est 8 sur 15
Statistiques - réponses
Hint Réponse % Correct
Le Royaume-Uni quitte l'Union européenne 2020
95%
Mort de Guillaume V d'Aquitaine 1030
71%
Reconnaissance de l'État d'Israël par les États-Unis. 1949
71%
Exécution de Guy Fawkes responsable de la conspiration des poudres en Angleterre 1606
68%
Naissance de Franz Schubert 1797
68%
Sylvestre 1er devient pape 314
68%
Naissance de Keen'v 1983
63%
1ère utilisation des obus à gaz 1915
61%
Inauguration du Centre Pompidou à Paris 1977
55%
Naissance de l'acteur Ary Abittan 1974
42%
Mort de Fernand Sardou, acteur 1976
29%
Naissance de la journaliste Benoite Groux 1920
26%
Naissance de Béatrix, reine des Pays-Bas 1938
24%
Mort de Jean Giraudoux 1944
16%
Indépendance de Nauru 1968
11%
Aucun quiz correspondant
Distribution des résultats
% des personnes avec chaque résultat
Percentile par nombre de réponses
Votre historique - résultats
Vous n’avez pas pris ce quiz